Prehľad liečebných možností pri osteoporóze

Bibliographic Details
Main Author: Doležal, Tomáš (Author)
Format: Article
Language:Slovak
PhysicalDescription:Obr.
ISSN:1336-3328
Subjects:

MARC

LEADER 00000nab a2200000 a 4500
001 vtls000889972
003 SK-MaSNL
005 20260305035441.0
008 250429c2003 xo fr|p|||||||000 b|slo
015 |a SNBRx2004/11  |2 snkbucl 
035 |a (sysno)vtls000889972 
035 |a urn:nbn:sk:snk-ab7a0m 
035 |a (uuid)e0ea3edb-5d4e-4b62-ab79-cda8e06fb817 
035 |a (urnnbn)urn:nbn:sk:snk:ar-a07cya 
038 |a SNKBUCL 
040 |a SNKBUCL  |b slo  |c SNKBUCL  |e AACR2 
041 0 |a slo 
044 |a xo  |c SK 
080 |a 616.71-007.233-085  |2 1997 
080 |a 577.161.2  |2 1997 
080 |a 546.41  |2 1997 
100 1 |a Doležal, Tomáš  |4 aut  |9 6605 
245 1 0 |a Prehľad liečebných možností pri osteoporóze  |c Tomáš Doležal 
300 |b Obr. 
650 0 7 |a osteoporóza  |2 snkbucl  |9 953 
650 0 7 |a terapia  |2 snkbucl  |9 781 
650 0 7 |a vápnik  |2 snkbucl  |9 16292 
650 0 7 |a vitamín D  |2 snkbucl  |9 50549 
773 0 |t Farminews  |g Roč. 4[1], č. 1 (2003), s. 14-16  |x 1336-3328 
850 |a Slovenská národná knižnica 
852 |a Slovenská národná knižnica 
954 |a odborná, vedecká literatúra pôvodná (slovenská)  |2 lita 
958 |a article27 
958 |a OND 
958 |a MI 
958 |a EUIPO 
999 |c 3333896  |d 3335826